[Event "Krasnoyarsk Region-ch"]
[Site "Krasnoyarsk"]
[Date "2015.10.13"]
[Round "6"]
[White "Neizvestnykh, Vitalij"]
[Black "Resmyatova, Antonina"]
[Result "1/2-1/2"]
[WhiteElo "2155"]
[BlackElo "2035"]
[PlyCount "87"]
[EventDate "2015.10.??"]
[EventType "swiss"]
[EventRounds "11"]
[EventCountry "RUS"]
[SourceTitle "CBM 169 Extra"]
[Source "ChessBase"]
[SourceDate "2015.12.18"]
[SourceVersion "1"]
[SourceVersionDate "2015.12.18"]
[SourceQuality "1"]

1. e4 d6 2. d4 Nf6 3. Nc3 e5 4. Nf3 Nbd7 5. Bc4 Be7 6. 0-0 0-0 7. Re1 c6 8. a4 exd4 9. Qxd4 Ne5 10. Nxe5 dxe5 11. Qxd8 Rxd8 12. Bg5 Bb4 13. Rad1 Be6 14. Bxe6 fxe6 15. Bxf6 gxf6 16. Rxd8+ Rxd8 17. Rd1 Rd4 18. Rxd4 exd4 19. Na2 Bd6 20. Kf1 Kf7 21. h3 c5 22. b3 Kg6 23. Ke2 f5 24. Kf3 a6 25. Nc1 b5 26. axb5 axb5 27. Nd3 Kf6 28. g4 fxg4+ 29. hxg4 e5 30. Kg3 Kg5 31. f4+ exf4+ 32. Kf3 c4 33. bxc4 bxc4 34. Nb2 d3 35. c3 Be5 36. Nxc4 Bxc3 37. e5 d2 38. Ke2 f3+ 39. Kd1 f2 40. Ne3 Bxe5 41. Ke2 Bc3 42. Nf1 Kf4 43. Nxd2 Bxd2 44. Kxf2 1/2-1/2

[Event "Nezhmetdinov Memorial 37th"]
[Site "Kazan"]
[Date "2015.06.08"]
[Round "9"]
[White "Ovchinnikov, Vsevolod"]
[Black "Neizvestnykh, Vitalij"]
[Result "0-1"]
[WhiteElo "2248"]
[BlackElo "2141"]
[PlyCount "84"]
[EventDate "2015.05.31"]
[EventType "swiss"]
[EventRounds "9"]
[EventCountry "RUS"]
[SourceTitle "CBM 166 Extra"]
[Source "ChessBase"]
[SourceDate "2015.06.18"]
[SourceVersion "1"]
[SourceVersionDate "2015.06.18"]
[SourceQuality "1"]

1. d4 e6 2. c4 f5 3. g3 Nf6 4. Bg2 Bb4+ 5. Bd2 a5 6. Nf3 0-0 7. 0-0 Ne4 8. Be3 Be7 9. Nfd2 Nf6 10. f3 d6 11. Nc3 e5 12. d5 Na6 13. a3 Bd7 14. Bf2 g5 15. h3 h5 16. f4 gxf4 17. gxf4 e4 18. Kh2 Kf7 19. Bd4 Rh8 20. Bxe4 fxe4 21. Ndxe4 Rh6 22. Ng5+ Ke8 23. e4 Ng4+ 24. hxg4 Bxg5 25. fxg5 Qxg5 26. Qd3 hxg4+ 27. Kg2 Rh3 28. Qg3 Rxg3+ 29. Kxg3 c5 30. dxc6 bxc6 31. Rh1 Be6 32. Rh8+ Bg8 33. Rah1 Kd7 34. R1h5 Qd2 35. Bg7 Qe3+ 36. Kg2 g3 37. Rf5 Re8 38. Bf6 Nc5 39. Rf3 Qd2+ 40. Kxg3 Qe1+ 41. Kg2 Nxe4 42. Nxe4 Qxe4 0-1

[Event "Nezhmetdinov Memorial 37th"]
[Site "Kazan"]
[Date "2015.06.04"]
[Round "5"]
[White "Nikitenko, Mihail"]
[Black "Neizvestnykh, Vitalij"]
[Result "1-0"]
[WhiteElo "2377"]
[BlackElo "2141"]
[PlyCount "106"]
[EventDate "2015.05.31"]
[EventType "swiss"]
[EventRounds "9"]
[EventCountry "RUS"]
[SourceTitle "CBM 166 Extra"]
[Source "ChessBase"]
[SourceDate "2015.06.18"]
[SourceVersion "1"]
[SourceVersionDate "2015.06.18"]
[SourceQuality "1"]

1. e4 c5 2. Nf3 Nc6 3. d4 cxd4 4. Nxd4 Nf6 5. Nc3 e5 6. Ndb5 d6 7. Bg5 a6 8. Na3 b5 9. Nd5 Be7 10. Nxe7 Nxe7 11. Bxf6 gxf6 12. c4 Qa5+ 13. Qd2 Qxd2+ 14. Kxd2 b4 15. Nc2 a5 16. Ne3 f5 17. exf5 Bxf5 18. a3 0-0 19. axb4 axb4 20. Bd3 Bg6 21. Bxg6 fxg6 22. f3 Nc6 23. Nd5 b3 24. Nc7 Rac8 25. Nb5 Rfd8 26. Rhc1 d5 27. c5 Ra8 28. Rxa8 Rxa8 29. Rc3 Rb8 30. Nc7 d4 31. Rc1 Rb7 32. Nd5 Ra7 33. Kd3 Ra2 34. Rb1 Kf7 35. Kc4 Ra5 36. Re1 g5 37. Rc1 Ke6 38. Nb6 e4 39. fxe4 Ke5 40. Re1 Ke6 41. Re2 d3 42. Rf2 Ne5+ 43. Kd4 Nc6+ 44. Kxd3 Rxc5 45. Rf6+ Ke7 46. Rh6 Rc2 47. Nc4 Nb4+ 48. Kd4 Rxg2 49. Kc3 Nc2 50. Kxb3 Nd4+ 51. Kb4 Nf3 52. Rxh7+ Ke6 53. Rh6+ Ke7 1-0

[Event "Nezhmetdinov Memorial 37th"]
[Site "Kazan"]
[Date "2015.05.31"]
[Round "1"]
[White "Andriasian, Zaven"]
[Black "Neizvestnykh, Vitalij"]
[Result "1-0"]
[WhiteElo "2600"]
[BlackElo "2141"]
[PlyCount "59"]
[EventDate "2015.05.31"]
[EventType "swiss"]
[EventRounds "9"]
[EventCountry "RUS"]
[SourceTitle "CBM 166 Extra"]
[Source "ChessBase"]
[SourceDate "2015.06.18"]
[SourceVersion "1"]
[SourceVersionDate "2015.06.18"]
[SourceQuality "1"]

1. e4 e6 2. d4 d5 3. Nc3 Bb4 4. a3 Bxc3+ 5. bxc3 dxe4 6. Qg4 Nf6 7. Qxg7 Rg8 8. Qh6 Rg6 9. Qd2 b6 10. Ne2 Bb7 11. Nf4 Rg8 12. c4 c5 13. d5 e5 14. Ne2 Ng4 15. Qc3 Qf6 16. f3 exf3 17. Qxf3 Qg6 18. Ng3 Nxh2 19. Rxh2 Qxg3+ 20. Qxg3 Rxg3 21. Rxh7 Nd7 22. a4 Nf8 23. Rh5 f6 24. a5 Kf7 25. Kf2 Rc3 26. Bd3 e4 27. Bb2 exd3 28. Bxc3 dxc2 29. Rh6 Ng6 30. Rh7+ 1-0

[Event "Krasnoyarsk Marchko Memorial"]
[Site "Krasnoyarsk"]
[Date "2013.12.25"]
[Round "5"]
[White "Khegay, Dmitriy"]
[Black "Neizvestnykh, Vitalij"]
[Result "1-0"]
[WhiteElo "2348"]
[BlackElo "2169"]
[PlyCount "85"]
[EventDate "2013.12.21"]
[EventType "swiss"]
[EventRounds "9"]
[EventCountry "RUS"]
[SourceTitle "CBM 158 Extra"]
[Source "ChessBase"]
[SourceDate "2014.02.28"]
[SourceVersion "1"]
[SourceVersionDate "2014.02.28"]
[SourceQuality "1"]

1. Nf3 f5 2. g3 Nf6 3. Bg2 e6 4. 0-0 Be7 5. d3 0-0 6. c4 c5 7. Nc3 d6 8. d4 Na6 9. b3 Ne4 10. Bb2 Nxc3 11. Bxc3 Bf6 12. Rc1 Rb8 13. Qc2 b5 14. cxb5 Rxb5 15. Rfd1 Nb4 16. Qd2 Nd5 17. Bb2 Qa5 18. dxc5 Rxc5 19. Rxc5 Qxc5 20. Bxf6 gxf6 21. Nd4 Ne7 22. Rc1 Qb6 23. Nc6 Qc7 24. Qe3 a6 25. Rc4 Nxc6 26. Rxc6 Qb8 27. Qf4 Rd8 28. Qd4 Kg7 29. h4 Kf7 30. Qd2 d5 31. Qh6 Rh8 32. Bf3 Ke8 33. Qxf6 Rg8 34. Bh5+ Rg6 35. Rxc8+ Qxc8 36. Qh8+ Kd7 37. Qxh7+ Kd6 38. Qxg6 Qc1+ 39. Kg2 Qb2 40. Bf3 Qxa2 41. h5 Qxb3 42. h6 a5 43. h7 1-0

[Event "Khanty-Mansiysk Governor Cup-B 5th"]
[Site "Khanty-Mansiysk"]
[Date "2009.11.28"]
[Round "5"]
[White "Yakupova, Aysyla"]
[Black "Neizvestnykh, Vitalij"]
[Result "0-1"]
[WhiteElo "2076"]
[BlackElo "2184"]
[PlyCount "102"]
[EventDate "2009.11.24"]
[EventType "swiss"]
[EventRounds "11"]
[EventCountry "RUS"]
[SourceTitle "EXT 2011"]
[Source "ChessBase"]
[SourceDate "2010.11.26"]
[SourceVersion "1"]
[SourceVersionDate "2010.11.26"]
[SourceQuality "1"]

1. Nf3 f5 2. c4 Nf6 3. g3 b6 4. Bg2 Bb7 5. d4 e6 6. 0-0 Be7 7. d5 exd5 8. Nd4 g6 9. Bf4 Bc6 10. Nc3 dxc4 11. Ncb5 Bxb5 12. Nxb5 c6 13. Nc7+ Kf7 14. Nxa8 Na6 15. Qa4 Nc5 16. Qxc4+ d5 17. Qc2 Qxa8 18. Rac1 a5 19. b3 Rc8 20. f3 Ne6 21. Bd2 Qa6 22. e3 Bc5 23. Kh1 h5 24. e4 Nd4 25. Qd1 Ne2 26. Rc2 Nd4 27. Rb2 Qd3 28. Bg5 Qxd1 29. Rxd1 dxe4 30. Bxf6 Kxf6 31. fxe4 fxe4 32. Bxe4 Re8 33. Rf1+ Kg7 34. Bg2 Re6 35. Rbf2 Nf5 36. Rf4 Re2 37. Bxc6 Rxa2 38. Bd7 Ne3 39. Rf7+ Kh6 40. Re1 Rd2 41. Be6 Nd1 42. Ref1 Nf2+ 43. Kg2 Ng4+ 44. Kf3 Nxh2+ 45. Ke4 Re2+ 46. Kd5 Nxf1 47. Rxf1 Re3 48. g4 hxg4 49. Bxg4 Rxb3 50. Be6 a4 51. Kc4 Rg3 0-1

[Event "Sibiria Region-ch"]
[Site "Novosibirsk"]
[Date "2003.??.??"]
[Round "9"]
[White "Kirillov, Andrey"]
[Black "Neizvestnykh, Vitalij"]
[Result "1-0"]
[WhiteElo "2360"]
[BlackElo "2205"]
[PlyCount "39"]
[EventDate "2003.05.??"]
[EventType "swiss"]
[EventRounds "9"]
[EventCountry "RUS"]
[SourceTitle "EXT 2008"]
[Source "ChessBase"]
[SourceDate "2007.11.25"]
[SourceVersion "1"]
[SourceVersionDate "2007.11.25"]
[SourceQuality "1"]

1. Nf3 e6 2. c4 f5 3. g3 Nf6 4. Bg2 Be7 5. 0-0 0-0 6. d4 b6 7. d5 Ne4 8. Nfd2 exd5 9. cxd5 Nd6 10. Nb3 a5 11. Nc3 Na6 12. Bf4 Bb7 13. h4 Qe8 14. a3 Qg6 15. Rc1 Rae8 16. e3 Rf6 17. h5 Qf7 18. g4 Bf8 19. gxf5 Nxf5 20. e4 1-0

[Event "Sibiria Region-ch"]
[Site "Novosibirsk"]
[Date "2003.??.??"]
[Round "6"]
[White "Simachev, Victor"]
[Black "Neizvestnykh, Vitalij"]
[Result "1-0"]
[WhiteElo "2224"]
[BlackElo "2205"]
[PlyCount "115"]
[EventDate "2003.05.??"]
[EventType "swiss"]
[EventRounds "9"]
[EventCountry "RUS"]
[SourceTitle "EXT 2008"]
[Source "ChessBase"]
[SourceDate "2007.11.25"]
[SourceVersion "1"]
[SourceVersionDate "2007.11.25"]
[SourceQuality "1"]

1. d4 e6 2. Nf3 f5 3. g3 Nf6 4. c4 Bb4+ 5. Bd2 a5 6. a3 Be7 7. Nc3 0-0 8. Bg2 Ne4 9. Be3 Bf6 10. Qb3 Nxc3 11. Qxc3 Nc6 12. Ne5 a4 13. 0-0 Na5 14. h4 Nb3 15. Rad1 d6 16. Nf3 c5 17. Qc2 Qb6 18. dxc5 Nxc5 19. Bd4 Bxd4 20. Nxd4 f4 21. Kh2 e5 22. Nb5 Bf5 23. Qd2 Rad8 24. Bd5+ Kh8 25. Qb4 Bc2 26. Rc1 fxg3+ 27. fxg3 Ne4 28. Qe1 Rxf1 29. Qxf1 Qe3 30. Bxe4 Bxe4 31. Nxd6 Bg6 32. Rd1 Qb6 33. c5 Qc7 34. Nf7+ Bxf7 35. Rxd8+ Qxd8 36. Qxf7 Qc8 37. Qe7 e4 38. Qxe4 h6 39. Qd4 Qf5 40. Qd8+ Kh7 41. Qd3 Kg6 42. Kg2 Kf6 43. Qd6+ Kf7 44. Qf4 Ke6 45. Qxa4 Qd5+ 46. Kh2 Qxc5 47. Qe4+ Kf6 48. e3 Qe7 49. Qd4+ Ke6 50. e4 Qc7 51. Kh3 Qc2 52. Qd5+ Ke7 53. Qxb7+ Ke8 54. e5 Qf5+ 55. Kg2 Qxe5 56. Kf3 Qf5+ 57. Ke3 Qe5+ 58. Kd3 1-0